| 000 | 00384nam a22001457a 4500 | ||
|---|---|---|---|
| 020 | _a978-0-241-42691-3 | ||
| 082 |
_a823 _bMUR/W |
||
| 100 | _aMURPHY, JILL | ||
| 245 | _aTHE WORST WITCH :TO THE RESCUE | ||
| 246 |
_aTHE WORST WITCH :TO THE RESCUE _bTHE WORST WITCH :TO THE RESCUE |
||
| 260 |
_aU K _bPUFFIN _c2016 |
||
| 300 | _a172 | ||
| 650 | _aENGLISH STORY- ADVENTURES | ||
| 942 | _cBK | ||
| 999 |
_c8984 _d8984 |
||